Statistics for Top 25 Highest scoring games of the 2023 NBA season

Click here to take the quiz!

General Stats

  • This quiz has been taken 76 times
  • The average score is 20 of 25

Answer Stats

Points scoredPlayer% Correct
71Damian Lillard
97%
60Damian Lillard
97%
50Damian Lillard
97%
71Donovan Mitchell
94%
58Devin Booker
93%
51Devin Booker
93%
60Luka Doncic
93%
50Luka Doncic
93%
51Luka Doncic
93%
53Luka Doncic
93%
59Joel Embiid
91%
52Joel Embiid
91%
53Joel Embiid
91%
50Steph Curry
91%
50Steph Curry
91%
51Jayson Tatum
84%
54Giannis Antetokounmpo
83%
55Giannis Antetokounmpo
83%
50Giannis Antetokounmpo
83%
55Anthony Davis
77%
54Klay Thompson
66%
57Julias Randle
57%
51Darius Garland
43%
51Jrue Holiday
40%
52Pascal Siakem
0%

Score Distribution

Percentile by Number Answered

Percent of People with Each Score

Your Score History

You have not taken this quiz